[Event "Fuerstenfeld U18 op 6th"]
[Site "Fuerstenfeld"]
[Date "2023.07.21"]
[Round "2"]
[White "Boiko, Keren"]
[Black "Prober, Raphael"]
[Result "0-1"]
[WhiteElo "1240"]
[BlackElo "1489"]
[PlyCount "70"]
[EventDate "2023.07.20"]
[EventType "swiss"]
[EventRounds "7"]
[EventCountry "AUT"]
[SourceTitle "CBM 215 Extra"]
[Source "ChessBase"]
[SourceDate "2023.09.30"]
[SourceVersion "1"]
[SourceVersionDate "2023.09.30"]
[SourceQuality "1"]

1. e4 c5 2. Nf3 e6 3. d4 cxd4 4. Nxd4 Nf6 5. Nc3 Nc6 6. Be3 Bb4 7. f3 d5 8. Bb5 Qb6 9. Bxc6+ bxc6 10. a3 Bxc3+ 11. bxc3 Ba6 12. Kf2 Qc7 13. exd5 cxd5 14. Qd2 0-0 15. Rab1 Rab8 16. h4 Nh5 17. f4 Nf6 18. Kf3 Ne4 19. Qe1 Nxc3 20. Rxb8 Rxb8 21. Qg3 Ne4 22. Qg4 Bc8 23. h5 h6 24. Qh4 Nf6 25. g4 e5 26. Nf5 d4 27. Bd2 Bb7+ 28. Ke2 Bxh1 29. g5 Qc4+ 30. Kf2 Ne4+ 31. Kg1 Rb1+ 32. Be1 Qc3 33. Kxh1 Rxe1+ 34. Kg2 Qd2+ 35. Kf3 Qe2# 0-1

[Event "ISR-chT (Women)"]
[Site "Tel Aviv"]
[Date "2021.10.29"]
[Round "3.4"]
[White "Boiko, Keren"]
[Black "Goldman, Evelin"]
[Result "1-0"]
[WhiteElo "1166"]
[BlackElo "1387"]
[PlyCount "79"]
[EventDate "2021.10.28"]
[EventType "team-swiss"]
[EventRounds "5"]
[EventCountry "ISR"]
[SourceTitle "CBM 204 Extra"]
[Source "ChessBase"]
[SourceDate "2021.11.30"]
[SourceVersion "1"]
[SourceVersionDate "2021.11.30"]
[SourceQuality "1"]
[WhiteTeam "Rishon Le Zion (W) II"]
[BlackTeam "Haifa Nesher (W) II"]
[WhiteTeamCountry "ISR"]
[BlackTeamCountry "ISR"]

1. e4 e5 2. Nf3 Nc6 3. Bb5 Nf6 4. 0-0 Bc5 5. c3 b6 6. d4 Be7 7. Re1 0-0 8. d5 Nb8 9. Nxe5 d6 10. Nc6 Qd7 11. Nxa7 Qd8 12. Nc6 Qe8 13. Nxe7+ Qxe7 14. Bg5 h6 15. Bh4 g5 16. Bg3 Bb7 17. c4 Nbd7 18. Nc3 Nc5 19. e5 dxe5 20. Bxe5 Rad8 21. Qf3 Ba6 22. Bxf6 Qd6 23. b4 Nd7 24. Bxd8 Rxd8 25. Bxa6 Qxb4 26. Bb5 Kg7 27. Bxd7 Rxd7 28. h4 Qxc4 29. hxg5 hxg5 30. Re4 Qc5 31. Rg4 f6 32. Re1 Qa5 33. Re6 Rf7 34. d6 cxd6 35. Rxd6 Qc5 36. Ne4 Qc1+ 37. Kh2 Qb2 38. Rg3 b5 39. a3 Rf8 40. Nxg5 1-0

[Event "EU-ch Hybrid U12 Girls"]
[Site "Tornelo INT"]
[Date "2021.10.15"]
[Round "8"]
[White "Boiko, Keren"]
[Black "Mueller, Riyanna"]
[Result "1/2-1/2"]
[WhiteElo "1166"]
[BlackElo "1505"]
[PlyCount "222"]
[EventDate "2021.10.15"]
[EventType "swiss"]
[EventRounds "9"]
[EventCountry "NET"]
[SourceTitle "EXT 2023"]
[Source "ChessBase"]
[SourceDate "2022.10.05"]
[SourceVersion "1"]
[SourceVersionDate "2022.10.05"]
[SourceQuality "1"]
[WhiteTeam "Israel"]
[BlackTeam "Germany"]
[WhiteTeamCountry "ISR"]
[BlackTeamCountry "GER"]

1. e4 c5 2. Nf3 e6 3. d4 cxd4 4. Nxd4 a6 5. a4 Bc5 6. Nc3 Qf6 7. Nf3 Qd8 8. Be2 Nc6 9. 0-0 Nge7 10. e5 Ng6 11. Ne4 Be7 12. Nd6+ Kf8 13. Nc4 Qc7 14. Re1 Ncxe5 15. Nfxe5 Nxe5 16. Bf4 Nf3+ 17. Bxf3 Qxf4 18. Nb6 Rb8 19. Nxc8 Rxc8 20. Qxd7 Qc7 21. Qxc7 Rxc7 22. c3 g6 23. Rad1 Kg7 24. Re2 Bg5 25. g3 Rd8 26. Rxd8 Bxd8 27. Rd2 Be7 28. Kf1 Kf6 29. Ke2 b5 30. axb5 axb5 31. h4 b4 32. Rd3 b3 33. Kf1 Kf5 34. Bd1 Rb7 35. c4 Bf6 36. Rf3+ Ke5 37. Bxb3 Bg7 38. Ke2 Kd6 39. Kd2 Bxb2 40. Kc2 Bd4 41. Rd3 Kc5 42. f4 Ra7 43. Rd1 Bf2 44. Rd3 Kc6 45. Kb2 Rd7 46. Ba4+ Kc5 47. Rxd7 Kxc4 48. Bb3+ Kc5 49. Rxf7 Bxg3 50. Bxe6 Kd6 51. Bb3 Bxh4 52. Rxh7 Bg3 53. Rf7 Bh2 54. Bc2 Ke6 55. Bxg6 Bg3 56. f5+ Ke5 57. Ra7 Kf6 58. Ra6+ Kg5 59. Bh7 Bf4 60. f6 Be5+ 61. Kc2 Bxf6 62. Ra5+ Kg4 63. Rf5 Bg5 64. Rf1 Bf4 65. Kd3 Kg5 66. Rf2 Bg3 67. Rf7 Bd6 68. Ke4 Bb8 69. Rf1 Kh6 70. Rb1 Bg3 71. Bf5 Bc7 72. Bc8 Kg6 73. Rb5 Bd8 74. Kf4 Be7 75. Bg4 Bd6+ 76. Ke4 Bg3 77. Rb6+ Kg5 78. Kf3 Be5 79. Rb5 Kf6 80. Ke4 Bc3 81. Rf5+ Kg6 82. Rf3 Bd2 83. Bd7 Bg5 84. Be8+ Kh6 85. Rg3 Bh4 86. Rg2 Bd8 87. Kf5 Kh7 88. Bf7 Be7 89. Rg8 Bh4 90. Rg1 Be7 91. Ke6 Bd8 92. Be8 Kh6 93. Bc6 Bg5 94. Kf5 Be7 95. Rg6+ Kh7 96. Bd5 Bf8 97. Bg8+ Kh8 98. Kf6 Bg7+ 99. Kf7 Bf8 100. Rg1 Bh6 101. Ke8 Bg7 102. Bc4 Bd4 103. Rg2 Kh7 104. Kf7 Kh6 105. Rg4 Bc3 106. Bd3 Kh5 107. Rg1 Kh4 108. Ke6 Kh3 109. Kf5 Bd4 110. Rg4 Be3 111. Bf1+ Kh2 1/2-1/2

[Event "EU-ch Hybrid U12 Girls"]
[Site "Tornelo INT"]
[Date "2021.10.15"]
[Round "1"]
[White "Efimova, Darya"]
[Black "Boiko, Keren"]
[Result "1-0"]
[WhiteElo "1450"]
[BlackElo "1166"]
[PlyCount "125"]
[EventDate "2021.10.15"]
[EventType "swiss"]
[EventRounds "9"]
[EventCountry "NET"]
[SourceTitle "EXT 2023"]
[Source "ChessBase"]
[SourceDate "2022.10.05"]
[SourceVersion "1"]
[SourceVersionDate "2022.10.05"]
[SourceQuality "1"]
[WhiteTeam "Russia"]
[BlackTeam "Israel"]
[WhiteTeamCountry "RUS"]
[BlackTeamCountry "ISR"]

1. d4 d5 2. Nf3 c6 3. e3 Nf6 4. Bd3 Bg4 5. 0-0 e6 6. h3 Bh5 7. Nbd2 Nbd7 8. b3 Be7 9. Bb2 0-0 10. c4 Rc8 11. Be2 Qc7 12. Ne5 Bxe2 13. Qxe2 Nxe5 14. dxe5 Nd7 15. Nf3 Qb8 16. a4 Bd8 17. e4 dxc4 18. Rfd1 Nb6 19. a5 Na8 20. Qxc4 b5 21. Qe2 Nc7 22. Rdc1 Na6 23. Nd4 Nb4 24. Ba3 Qxe5 25. Bxb4 c5 26. Nf3 Qf6 27. e5 Qe7 28. Qxb5 Qc7 29. Rxc5 Rb8 30. Rxc7 Rxb5 31. Bxf8 Bxc7 32. Bd6 Bxa5 33. b4 Bb6 34. Rc1 h6 35. Bc5 Bxc5 36. bxc5 Rb7 37. c6 Rc7 38. Nd4 a6 39. Ra1 Ra7 40. Nb5 Re7 41. Rxa6 Re8 42. c7 Rc8 43. Rc6 Kf8 44. Nd6 Ra8 45. c8Q+ Rxc8 46. Rxc8+ Ke7 47. Re8+ Kd7 48. Rg8 f6 49. Rxg7+ Kc6 50. exf6 Kxd6 51. f7 Ke7 52. g4 e5 53. h4 e4 54. g5 h5 55. g6 Kf8 56. Rg8+ Ke7 57. f8Q+ Ke6 58. g7 Kd7 59. Qf7+ Kd6 60. Rd8+ Ke5 61. g8Q e3 62. f3 e2 63. Qg5# 1-0

[Event "EU-ch Hybrid U12 Girls"]
[Site "Tornelo INT"]
[Date "2021.10.15"]
[Round "3"]
[White "Eshkol, Lilian"]
[Black "Boiko, Keren"]
[Result "1-0"]
[WhiteElo "1528"]
[BlackElo "1166"]
[PlyCount "145"]
[EventDate "2021.10.15"]
[EventType "swiss"]
[EventRounds "9"]
[EventCountry "NET"]
[SourceTitle "EXT 2023"]
[Source "ChessBase"]
[SourceDate "2022.10.05"]
[SourceVersion "1"]
[SourceVersionDate "2022.10.05"]
[SourceQuality "1"]
[WhiteTeam "Israel"]
[BlackTeam "Israel"]
[WhiteTeamCountry "ISR"]
[BlackTeamCountry "ISR"]

1. d4 d5 2. c4 c6 3. e3 Nf6 4. Nc3 Bf5 5. Bd3 Bg6 6. Nf3 Nbd7 7. 0-0 e6 8. Re1 Be7 9. e4 dxe4 10. Nxe4 Nxe4 11. Bxe4 Bh5 12. a3 Nf6 13. Bf4 Nxe4 14. Rxe4 0-0 15. Qb3 b6 16. Ne5 Rc8 17. Qa4 f5 18. Ree1 Qxd4 19. Nxc6 Qd7 20. Qxa7 Qxc6 21. Qxe7 Rfe8 22. Qg5 Qxc4 23. Rac1 h6 24. Rxc4 hxg5 25. Rxc8 Rxc8 26. Bxg5 Bf7 27. Kf1 Rc2 28. Re2 Rc5 29. Be3 Rb5 30. Rc2 e5 31. b4 f4 32. Bd2 Rd5 33. Ke2 Bh5+ 34. f3 b5 35. Rc5 Rxc5 36. bxc5 Be8 37. Bc3 g5 38. Bxe5 Kf7 39. Kd3 Ke6 40. Kd4 Bc6 41. Bc7 Kf6 42. Bd8+ Kf5 43. Bxg5 Kxg5 44. Ke5 Bb7 45. Kd6 Kf5 46. c6 Bc8 47. Kc7 Be6 48. Kd8 Ke5 49. c7 Kd4 50. c8Q Bxc8 51. Kxc8 Ke3 52. h4 Kf2 53. h5 Kxg2 54. h6 Kxf3 55. h7 Kg2 56. h8Q f3 57. Qg7+ Kf1 58. Kc7 f2 59. Kb6 Ke1 60. Qe5+ Kf1 61. Kxb5 Kg2 62. Qe2 Kg1 63. a4 f1B 64. Qxf1+ Kxf1 65. a5 Ke2 66. a6 Kd3 67. a7 Kd4 68. a8Q Kc3 69. Qd5 Kc2 70. Kb4 Kb2 71. Qd2+ Kb1 72. Kb3 Ka1 73. Qc1# 1-0